INTRODUCTION TO ENVIRONMENTAL ENGINEERING / (Record no. 593713)

000 -LEADER
fixed length control field 00386nam a22001457a 4500
020 ## - INTERNATIONAL STANDARD BOOK NUMBER
Qualifying information 978-0073401140
040 ## - CATALOGING SOURCE
Transcribing agency Saif
082 ## - DEWEY DECIMAL CLASSIFICATION NUMBER
Classification number 628
Author Mark DAV
100 ## - MAIN ENTRY--PERSONAL NAME
Personal name DAVIS, MACKENZIE.
9 (RLIN) 90700
245 ## - TITLE STATEMENT
Title INTRODUCTION TO ENVIRONMENTAL ENGINEERING /
Statement of responsibility, etc. MACKENZIE DAVIS.
250 ## - EDITION STATEMENT
Edition statement 5th ED.
260 ## - PUBLICATION, DISTRIBUTION, ETC.
Place of publication, distribution, etc. NEW YORK ;
Name of publisher, distributor, etc. MC GRAW HILL,
Date of publication, distribution, etc. 2013.
300 ## - PHYSICAL DESCRIPTION
Extent 1056 P. ;
942 ## - ADDED ENTRY ELEMENTS (KOHA)
Source of classification or shelving scheme
Koha item type Book
Holdings
Withdrawn status Lost status Source of classification or shelving scheme Damaged status Not for loan Permanent Location Current Location Date acquired Total Checkouts Full call number Barcode Date last seen Price effective from Koha item type
          School of Civil and Environmental Engineering (SCEE) School of Civil and Environmental Engineering (SCEE) 03/14/2023   628 DAV NIT-13637 03/14/2023 03/14/2023 Book
© 2023 Central Library, National University of Sciences and Technology. All Rights Reserved.